000 00409nam a2200157Ia 4500
005 20250703005532.0
008 240331s9999 xx 000 0 und d
020 _a9789558884454
082 _bCOO
_a581
100 _aCooray.K.N
245 0 _aManawa himikam
260 _aMirigama
_bBlessing Publishers
_c2007
300 _a200 p. ,
500 _aHuman Rights - History expansion & Organization
942 _cL
999 _c5063
_d5063